Quizzes
Events
Quiz Creation
Community
Videos
Private Events
Remove Ads
Sign In
Join for FREE
Feedback
Dark Mode
Quiz Categories
Sports
Geography
Music
Movies
Television
Just For Fun
Miscellaneous
History
Literature
Language
Science
Gaming
Entertainment
Religion
Holiday
For Kids
Quiz Lab
Recent
Popular Today
Quiz Kudos Today
Editor Picks
Curator Picks
Quizzes by...
Day
Popularity
Type
Ratings
Length
Year
Community
Subscriptions
Recent Discussions
Orange Saloon
Badges
Playlists
Quests
Create
Leaderboards
Showdown
Live 5
Trivia Bingo
Activity
Puzzle Library
Sporcle Events
Private Events
Virtual Trivia
Globe League
Become a Host
Pub Owners
SporcleCon
Opinionation
Our Games
Videos
Blog
Mobile Apps
Partnerships
Remove Ads and Go Orange
Feedback
Sports
Athletes
MLB
NBA
NHL
NFL
Soccer
Sports Teams
WWE
NCAA
Football
Premier League
Basketball
Baseball
Hockey
Golf
Tennis
Cricket
Rugby
Auto Racing
Olympics
World Cup
Sports
Athletes
MLB
NBA
NHL
NFL
Soccer
Sports Teams
WWE
NCAA
Football
Premier League
Basketball
Baseball
Hockey
Golf
Tennis
Cricket
Rugby
Auto Racing
Olympics
World Cup
Random Quiz
Search Sporcle
×
Quiz Lab
Quiz Lab
Sports
Buffalo Sabres
Type in answers that appear in a list
Type in answers that appear in a list
Classic
Best Score? Go Orange.
Sabres playoff goal scorers Stats
Can you name the Sabres players who have scored in the playoffs under Lindy Ruff?
By
kjs87
10m
61 Questions
162 Plays
162 Plays
162 Plays
Comments
Comments
Give Quiz Kudos
Give Quiz Kudos
-
- Ratings
hide this ad
Replay
Link that replays current quiz
Next Quiz
Link to next quiz in quiz playlist
You Got
0%
They Got
Avg Score
46%
Avg Friend Score
Upgrade to see
Score Distribution
Jump to the score distribution portion of the page
Score
0/61
Timer
10:00
0
Plays Today
Goals
Player
% Correct
11
Danny Briere
96.3%
15
Thomas Vanek
95.7%
17
Chris Drury
92.6%
7
Derek Roy
88.9%
12
Jason Pominville
87%
5
Mike Grier
87%
8
Michael Peca
81.5%
14
Miroslav Satan
79.6%
10
Maxim Afinogenov
77.8%
5
Tim Connolly
75.9%
1
Robert Ray
74.1%
6
Jochen Hecht
73.5%
3
Brian Campbell
72.2%
3
Toni Lydman
71.6%
11
J.P. Dumont
70.4%
2
Henrik Tallinder
70.4%
3
Tyler Ennis
69.6%
14
Stu Barnes
67.9%
5
Alexei Zhitnik
67.9%
3
Drew Stafford
67.9%
3
Jay McKee
64.2%
1
Tyler Myers
60.9%
2
Tyler Myers
60.9%
6
Ales Kotalik
59.3%
7
Matthew Barnaby
58%
14
Curtis Brown
55.6%
7
Jason Woolley
55.6%
7
Brian Holzinger
55.6%
2
Doug Gilmour
54.9%
8
Donald Audette
54.3%
7
Geoff Sanderson
54.3%
Goals
Player
% Correct
10
Dixon Ward
53.7%
2
Patrick Kaleta
52.2%
6
Michal Grosek
50.6%
8
Vaclav Varada
50%
3
Nathan Gerbe
47.8%
1
Rhett Warrener
45.7%
1
Dave Andreychuk
45.7%
1
Richard Smehlik
43.8%
1
Craig Rivet
43.5%
3
Joseph Juneau
43.2%
2
Adam Mair
42.6%
1
Doug Janik
42%
1
Teppo Numminen
41.4%
2
Dmitri Kalinin
40.7%
6
Chris Gratton
40.1%
1
Tim Kennedy
39.1%
1
James Patrick
38.9%
3
Stephen Heinze
37.7%
1
Matt Ellis
34.8%
4
Wayne Primeau
34%
1
Rob Niedermayer
30.4%
2
Erik Rasmussen
28.4%
2
Darryl Shannon
28.4%
1
Andrej Sekera
26.1%
1
Steve Montador
26.1%
1
Paul Kruse
24.7%
1
Marc Andre Gragnani
21.7%
1
Brad Boyes
17.4%
1
Cody McCormick
17.4%
1
Vladimir Tsyplakov
14.2%
Quiz Playlist
Details
Report
Send in Message
Add To Playlist
Classic:
Type in answers that appear in a list
Last Updated: Feb 16, 2017
Quiz Scoreboard
CHALLENGE
Sign Up to Join the Scoreboard
Show All
Scores
Hide
Comments
May contain spoilers
Recently Published
College Basketball Coaching Resumes
by pancakes188
Sports
9m
Billboard Blitz: Fleetwood Mac
by CooCooCachoo
Music
15s
Presidents Visiting Landmarks
by Hejman
History
7m
More to Explore
Quiz From the Vault
Featured Blog Post
Where Did the Easter Bunny Come From?
hide this ad
You Might Also Like...
Tags
Buffalo Sabres
goal
Lindy
Player
Playoff
ruff
score
Scorer
Under
Today's Top Quizzes in Sports
Browse Sports
hide this ad
Today's Top Quizzes in Buffalo Sabres
Browse Buffalo Sabres
Top Contributed Quizzes in Sports
1
Les meilleurs buteurs des matchs entre le PSG et l’OM
2
2022 World Cup Stars
3
FIFA Club World Cup Champions
4
Les entraîneurs de l'OM et du PSG au 21e siècle
5
Criteria MLB: Left Handed Sluggers
6
AFC Teams Reveal (Wrong Answers Minefield)
7
5-to-1: UK Sports Teams
8
Name the Premier League winners with different clubs
9
5-to-1: FBS Animal Nicknames
10
Players with Multiple 50 Home Run Seasons
Explore More
Trending Topics
Marvel
Anime
Crossword
Kpop
Disney
NBA
Harry Potter
WWE
Song
Pokémon
NFL
Puzzle
The Office
Soccer
Country
hide this ad
More By:
kjs87
Quiz
Plays
Rating
Category
Featured
Created
500 yard games
484
4.00
Sports
Feb 21, 2010
Sabres goal scorers from 2000-present
363
4.50
Sports
Feb 17, 2010
NFL perfect passer ratings
220
3.00
Sports
Feb 20, 2010
Former Sabres
200
Sports
Feb 17, 2010
Sabres playoff goal scorers
162
5.00
Sports
Feb 19, 2010
Go to Creator's Profile
Score Distribution
Quiz Creator Spotlight
kjs87
Follow
Send a Message
Quizzes Created
-
Created Quiz Play Count
-
More By This Creator
Popular Quizzes Today
1
Find the US States - No Outlines Minefield
2
Find the Countries of Europe - No Outlines Minefield
3
The Countries of the World
4
Find the US States
5
Risky Map Clicking: Biggest States A-Z
6
US States
7
Popular People in 1961
8
Movies - When Are They Set?
More Sports Quizzes
Mystery Crossword: Big 4 Sports Team IV
Quiz Lab
Trending Quizzes
Risky Map Clicking: Least Populous States A-Z
1-10 Letter G Words
1-10 Letter F Words
Risky Map Clicking: Next State Alphabetically
Click the Washington State Counties! (Map)
Recently Updated
Leaping Animals
pecheneg
Reality TV Shows (A-Z)
bhenderson79
Rickey Henderson's Hall of Fame Teammates
pecheneg
Champions League XIs: Arsenal
pecheneg
Quick Pick: Celebrities in WWE's Hall of Fame
aduchscher
A-Z Keypad Blitz II
pecheneg
Multiple Oscar Actors
pecheneg
Mystery Phrase Blitz: Oscar 'Best Actors'
pecheneg
F. Scott Fitzgerald Novels
LTH
Pick 3 Villains
ddd62291
Trending Topics
NBA
Marvel
Kpop
Disney
Crossword
Anime
Harry Potter
Pokémon
Soccer
NFL
WWE
Country
Song
The Office
Puzzle
Your Account Isn't Verified!
In order to create a playlist on Sporcle, you need to verify the email address you used during registration. Go to your
Sporcle Settings
to finish the process.
Report this User
Report this user for behavior that violates our
Community Guidelines
.
Details:
Send Report
Go to the Sporcle.com Mobile Site →
Comments